| 000 | 00517nam a22001937a 4500 | ||
|---|---|---|---|
| 003 | MPLRDC | ||
| 005 | 20220104191135.0 | ||
| 008 | 210129b ||||| |||| 00| 0 eng d | ||
| 020 | _a978-986-137-128-3 | ||
| 082 | _a881.6 VLU | ||
| 100 | _aSIMONE VAN DER VLUGT | ||
| 245 |
_a同学会的缺席者 _c陈静妍 译 |
||
| 250 | _a初版 | ||
| 260 |
_a台湾 _b究竟出版社股份有限公司 _c2010 |
||
| 300 | _b平 | ||
| 490 | _aMIX: 9 | ||
| 650 | _a北欧各国文学--长篇小说 | ||
| 942 |
_cBK _o881.6 VLU |
||
| 999 |
_c64108 _d64098 |
||